|
|
|
|
| LEADER |
00908cam a2200253 7i4500 |
| 001 |
0000045907 |
| 005 |
20230201090000.0 |
| 020 |
|
|
|a 9789673690503 (pbk.)
|
| 090 |
0 |
0 |
|a HG172.B84
|b B53 2010
|
| 100 |
1 |
|
|a Buffett, Mary
|
| 245 |
1 |
0 |
|a Rahsia pengurusan Warren Buffett
|c Mary Buffett, David Clark ; penterjemah : Adlie Syamsudin Samsudin.
|
| 250 |
|
|
|a Edisi Bahasa Melayu.
|
| 260 |
|
|
|a Batu Caves, Selangor:
|b PTS Professional Pub.,
|c 2010.
|
| 300 |
|
|
|a xxvi, 133 p.;
|c 23 cm.
|
| 500 |
|
|
|a Gift: Puan Hajah Fauziah Abdul Rahman
|
| 600 |
1 |
0 |
|a Buffett, Warren
|
| 650 |
0 |
0 |
|a Decision making
|
| 650 |
0 |
0 |
|a Success in business
|
| 650 |
0 |
0 |
|a Management
|
| 700 |
1 |
|
|a Clark, David
|
| 700 |
0 |
|
|a Adlie Syamsudin Samsudin
|
| 999 |
|
|
|a 0000055138
|b BOK
|c OPEN SHELF
|e 1st Floor, Bestari Jaya
|
| 999 |
|
|
|a 0000055139
|b BOK
|c OPEN SHELF
|e 1st Floor, Shah Alam
|
| 999 |
|
|
|a 0000069854
|b BOK
|c OPEN SHELF
|e 1st Floor, Shah Alam
|